| 000 | 01149cam a2200313 i 4500 | ||
|---|---|---|---|
| 001 | 1262982 | ||
| 003 | ARRUPE | ||
| 005 | 20150122160412.0 | ||
| 008 | 750320s1975 enk b 001 0 eng | ||
| 010 | _a 74082224 | ||
| 015 | _aGB*** | ||
| 020 | _a0521204607 | ||
| 040 |
_aDLC _cDLC _dDLC |
||
| 050 | 0 | 0 |
_aQA273 _b.H22 1975 |
| 082 | 0 | 0 | _a519.2/09 |
| 100 | 1 |
_aHacking, Ian. _99944 |
|
| 245 | 1 | 4 |
_aThe emergence of probability : _ba philosophical study of early ideas about probability, induction and statistical inference / _cIan Hacking. |
| 260 |
_aLondon ; _aNew York : _bCambridge University Press, _c1975. |
||
| 300 |
_a209 p. ; _c22 cm. |
||
| 500 | _aIncludes index. | ||
| 504 | _aBibliography: p. 187-202. | ||
| 650 | 0 |
_aProbabilities _xHistory. _914272 |
|
| 650 | 0 |
_aInduction (Mathematics) _xHistory. _914273 |
|
| 650 | 0 |
_aMathematical statistics _xHistory. _914274 |
|
| 856 | 4 | 2 |
_3Publisher description _uhttp://www.loc.gov/catdir/description/cam041/74082224.html |
| 856 | 4 | 1 |
_3Table of contents _uhttp://www.loc.gov/catdir/toc/cam041/74082224.html |
| 906 |
_a7 _bcbc _corignew _d2 _eopcn _f19 _gy-gencatlg |
||
| 942 |
_2lcc _cMONOGRAPH |
||
| 999 |
_c121785 _d121785 |
||